West Edinburgh planning framework 2008 (Record no. 120759)

MARC details
000 -LEADER
fixed length control field 00944cai a22002175a 4500
001 - CONTROL NUMBER
control field E146522
008 - FIXED-LENGTH DATA ELEMENTS--GENERAL INFORMATION
fixed length control field 090129s2008 xxk f s000 0 eng d
035 ## - SYSTEM CONTROL NUMBER
System control number (Sirsi) u146522
041 0# - LANGUAGE CODE
Language code of text/sound track or separate title eng
050 04 - LIBRARY OF CONGRESS CALL NUMBER
Classification number 711.1 $2 18
110 2# - MAIN ENTRY--CORPORATE NAME
Corporate name or jurisdiction name as entry element Scotland
Subordinate unit Scottish Executive
9 (RLIN) 4769
245 00 - TITLE STATEMENT
Title West Edinburgh planning framework 2008
Medium [electronic resource]
260 ## - PUBLICATION, DISTRIBUTION, ETC.
Place of publication, distribution, etc. Edinburgh
Name of publisher, distributor, etc. Scottish Executive
Date of publication, distribution, etc. 2008
520 ## - SUMMARY, ETC.
Summary, etc. Section of the Scottish Government's website which contains documents relating to the 2008 edition of the West Edinburgh Planning Framework. Includes backrgound and consultation reports, a policy summary and related work.
521 ## - TARGET AUDIENCE NOTE
Target audience note Advanced
590 14 - LOCAL NOTE (RLIN)
Local note KA
651 #4 - SUBJECT ADDED ENTRY--GEOGRAPHIC NAME
Geographic name Edinburgh
690 ## - LOCAL SUBJECT ADDED ENTRY--TOPICAL TERM (OCLC, RLIN)
Topical term or geographic name as entry element Planning and development
9 (RLIN) 6259
856 40 - ELECTRONIC LOCATION AND ACCESS
Uniform Resource Identifier <a href="https://www.scotland.gov.uk/Topics/Built-Environment/planning/National-Planning-Policy/themes/west-ed#a3">https://www.scotland.gov.uk/Topics/Built-Environment/planning/National-Planning-Policy/themes/west-ed#a3</a>
Public note View the website free of charge at www.scotland.gov.uk...
942 ## - ADDED ENTRY ELEMENTS (KOHA)
Suppress in OPAC 0
Holdings
Withdrawn status Lost status Source of classification or shelving scheme Damaged status Not for loan Home library Current library Shelving location Date acquired Total Checkouts Full call number Barcode Date last seen Copy number Price effective from Koha item type
    Dewey Decimal Classification     Virtual Virtual Online 29/01/2009   WEBSITE 146522-2001 06/08/2019 1 06/08/2019 Online material